LEADER 01482nam--2200421---450- 001 990001112120203316 005 20050920133542.0 010 $a88-7750-761-6 035 $a000111212 035 $aUSA01000111212 035 $a(ALEPH)000111212USA01 035 $a000111212 100 $a20021206d2002----km-y0enga50------ba 101 0 $aita 102 $aIT 105 $ay|||z|||001yy 200 1 $aEuropa, lingue e istruzione primaria$eplurilinguismo per il bambino italiano-Europeo$fa cura di Patrizia Mazzotta$gcontributi di Paolo E. Balboni ...[etc.] 210 $aTorino$cUtet libreria$dcopyr. 2002 225 2 $aGlottodidattica$hN.S. 410 0$12001$aGlottodidattica$hN.S. 606 0 $aLingue straniere$xInsegnamento$xScuola elementare 676 $a372.65 702 1$aMAZZOTTA,$bPatrizia 801 0$aIT$bSalbc$cISBD 912 $a990001112120203316 951 $aII.4. 1556(VI B COLL 109/3)$b164997 L.M.$cVI B COLL$d00094466 951 $aII.4. 1556b(VI B COLL 109/3 BIS)$b164998 L.M.$cVI B$d00094471 959 $aBK 969 $aUMA 979 $aMARIA$b10$c20021206$lUSA01$h0955 979 $aCHIARA$b90$c20030325$lUSA01$h1105 979 $aCHIARA$b90$c20030325$lUSA01$h1105 979 $aCHIARA$b90$c20030325$lUSA01$h1107 979 $aCHIARA$b90$c20030415$lUSA01$h0932 979 $aPATRY$b90$c20040406$lUSA01$h1717 979 $aCOPAT1$b90$c20050920$lUSA01$h1335 996 $aEuropa, lingue e istruzione primaria$9780611 997 $aUNISA LEADER 01404nas 2200397 450 001 9910715287303321 005 20210108152526.0 035 $a(CKB)5470000002509148 035 $a(OCoLC)1229187922 035 $a(EXLCZ)995470000002509148 100 $a20210108a20109999 |a 101 0 $aeng 135 $aur||||||||||| 181 $ctxt$2rdacontent 182 $cc$2rdamedia 183 $acr$2rdacarrier 200 00$aInsights into housing and community development policy 210 1$a[Washington, D.C.] :$cU.S. Department of Housing and Urban Development, Office of Policy Development and Research,$d2010- 215 $a1 online resource (volumes) 300 $aEach issue also has a distinctive title. 517 1 $aInsights 606 $aHousing$zUnited States$vPeriodicals 606 $aHousing policy$zUnited States$vPeriodicals 606 $aCommunity development$zUnited States$vPeriodicals 606 $aCity planning$zUnited States$vPeriodicals 615 0$aHousing 615 0$aHousing policy 615 0$aCommunity development 615 0$aCity planning 712 02$aUnited States.$bDepartment of Housing and Urban Development.$bOffice of Policy Development and Research, 801 0$bGPO 801 1$bGPO 906 $aJOURNAL 912 $a9910715287303321 996 $aInsights into housing and community development policy$93290266 997 $aUNINA